000 02052pam a2200325 i 4500
001 990227748960107026
003 UkOxU
005 20250602120550.0
008 200427s2021 enkab b 001 0 eng d
015 _aGBC075379
_2bnb
016 7 _a019819108
_2Uk
020 _a9781292351476
_q(paperback)
035 _a(UkOxU)022774896
035 _a(UkOxU)022774896BIB01
035 _a(OCoLC)1152061985
035 _a(Uk)019819108
040 _aStDuBDS
_beng
_erda
_cStDuBDS
_dUk
042 _aukblcatcopy
050 4 _aHB172.5
_b.B573 2021
100 _aBlanchard, Olivier (Olivier J.)
_q(Olivier J.),
_eauthor.
245 1 0 _aMacroeconomics
_c/ Olivier Blanchard.
250 _aEighth edition. Global edition.
264 1 _aHarlow, Essex :
_bPearson,
_c[2021]
300 _a539, A-16, G-10, I-9, C-1, S-1 pages :
_billustrations (black and white, and colour), 1 map (colour) ;
_c26 cm
504 _aIncludes bibliographical references and index.
520 _aIn Macroeconomics, Blanchard presents an integrated, global view of macroeconomics, enabling students to see the connections between goods markets, financial markets, and labor markets worldwide. Organised into two parts, the text contains a core section that focuses on short-, medium-, and long-run markets and two major extensions that offer more in-depth coverage of the issues at hand. From the major economic crisis that engulfed the world in the late 2000s, to monetary policy in the US, to the problems of the Euro area, and growth in China, the text helps students make sense not only of current macroeconomic events but also of those that may unfold in the future. Integrated, detailed boxes in the 8th Edition have been updated to convey the life of macroeconomics today, reinforce lessons from the models, and help students employ and develop their analytical and evaluative skills.
650 0 _aMacroeconomics
_9620
856 _uhttps://bookshelf.vitalsource.com/home/search/titles?q=macroeconomics
_yMacroeconomics, Enhanced Global Edition 8th Edition
942 _2ddc
999 _c4708
_d4708